000
00296nam a2200109Ia 4500
008
230320s9999||||xx |||||||||||||| ||spa||
082
_a
801/M42/1949
100
_a
Menéndez Y Pelayo, Marcelino
245
0
_a
Historia De Las Ideas Estéticas En España
260
_b
Espasa- Calpe
942
_8
0
_c
LIB
999
_c
40907
_d
40907